| 000 | 00377nam a2200157Ia 4500 | ||
|---|---|---|---|
| 008 | 210716s2002 xx 000 0 und d | ||
| 020 | _a8178086905 | ||
| 041 | _aeng | ||
| 082 | _a005.44 SOBM | ||
| 100 | _aSobell, Mark G. | ||
| 245 | _aPractical guide to linux. | ||
| 250 | _a1 | ||
| 260 |
_aNew Delhi _bPearson Education _c2002 |
||
| 300 | _axlvii,1015 | ||
| 650 | _aLinux | ||
| 999 |
_c185507 _d185507 |
||